000
00295nam a22001337a 4500
008
180306b xxu||||| |||| 00| 0 eng d
020
_a
9781269783682
041
_a
eng
080
_a
611
100
_a
7
101
_a
ANA
245
_a
Integrate anatomy& physiology
_c
Pearson
942
_2
udc
_c
BK
999
_c
44142
_d
44142